| 000 | 00819nam a2200289 a 4500 | ||
|---|---|---|---|
| 999 |
_c444 _d444 |
||
| 005 | 20191224041529.0 | ||
| 008 | 140220b1991 ck ||||| |||| 00| 0 spa d | ||
| 040 |
_aCO-BoIAVH _cCO-BoIAVH |
||
| 041 | _aspa | ||
| 044 | _ack | ||
| 090 |
_aIND-I _b45 |
||
| 100 | _aBarreto Avila, Gloria | ||
| 245 | 1 | 0 | _aEstudio monográfico sobre "Alnus jorullensis" |
| 260 |
_aBogotá _bInderena _c1991 |
||
| 300 | _a85 páginas | ||
| 650 | _aBiotipos | ||
| 650 | 1 | 4 | _aFitosanidad |
| 650 | 1 | 4 | _aMadera |
| 650 | 1 | 4 | _aAutoecología |
| 650 | 1 | 4 | _aSemillas |
| 650 | 1 | 4 | _aUso de biodiversidad |
| 650 | 1 | 4 | _aPlantaciones forestales |
| 650 | 1 | 4 | _aSilvicultura |
| 700 | _aTrujillo Navarrete, Enrique | ||
| 700 | _aHerrera, Juan David | ||
| 942 |
_cINFORME _2z |
||